书目信息 |
| 题名: |
赫哲族鱼皮艺术
|
|
| 作者: | 张琳 编著 | |
| 分册: | ||
| 出版信息: | 哈尔滨 哈尔滨工程大学出版社 2013.10 |
|
| 页数: | 243页 | |
| 开本: | 26cm | |
| 丛书名: | ||
| 单 册: | ||
| 中图分类: | K892.23 | |
| 科图分类: | ||
| 主题词: | 赫哲族--he zhe zu--民族服饰--研究--黑龙江省 | |
| 电子资源: | ||
| ISBN: | 978-7-5661-0681-0 | |
| 000 | 00804nam0 2200229 450 | |
| 001 | 2337169504 | |
| 005 | 20231125101941.75 | |
| 010 | @a978-7-5661-0681-0@dCNY88.00 | |
| 100 | @a20140124d2013 em y0chiy50 ea | |
| 101 | 0 | @achi |
| 102 | @aCN@b230000 | |
| 105 | @aa z 000yy | |
| 200 | 1 | @a赫哲族鱼皮艺术@Ahe zhe zu yu pi yi shu@f张琳编著 |
| 210 | @a哈尔滨@c哈尔滨工程大学出版社@d2013.10 | |
| 215 | @a243页@c图 (部分彩图)@d26cm | |
| 300 | @a黑龙江省精品图书出版工程项目 黑龙江省非物质文化遗产 | |
| 330 | @a本书内容包括: 绪论 ; 赫哲族文化历史 ; 鱼皮画的种类 ; 鱼皮画制作的美术基础 ; 鱼皮的制作 ; 鱼皮画作品创作等。 | |
| 606 | 0 | @a赫哲族@Ahe zhe zu@x民族服饰@x研究@y黑龙江省 |
| 690 | @aK892.23@v5 | |
| 701 | 0 | @a张琳@Azhang lin@4编著 |
| 801 | 0 | @aCN@b人天书店@c20140124 |
| 905 | @aBZT@dK892.23@e11 | |
| 赫哲族鱼皮艺术/张琳编著.-哈尔滨:哈尔滨工程大学出版社,2013.10 |
| 243页:图 (部分彩图);26cm |
| 黑龙江省精品图书出版工程项目 黑龙江省非物质文化遗产 |
| ISBN 978-7-5661-0681-0:CNY88.00 |
| 本书内容包括: 绪论 ; 赫哲族文化历史 ; 鱼皮画的种类 ; 鱼皮画制作的美术基础 ; 鱼皮的制作 ; 鱼皮画作品创作等。 |
| ● |
| 相关链接 |
|
|
|
正题名:赫哲族鱼皮艺术
索取号:K892.23/11
 
预约/预借
| 序号 | 登录号 | 条形码 | 馆藏地/架位号 | 状态 | 备注 |
| 1 | 2001079717 | 2001079717 | 东辅楼二楼书库/ [索取号:K892.23/11] | 在馆 | |
| 2 | 2001079718 | 2001079718 | 东辅楼二楼书库/ [索取号:K892.23/11] | 在馆 | |
| 3 | 2001079719 | 2001079719 | 东辅楼二楼书库/ [索取号:K892.23/11] | 在馆 | |
| 4 | 2001079720 | 2001079720 | 东辅楼二楼书库/ [索取号:K892.23/11] | 在馆 | |
| 5 | 2001079721 | 2001079721 | 东辅楼二楼书库/ [索取号:K892.23/11] | 在馆 | |
| 6 | 2001079722 | 2001079722 | 东辅楼二楼书库/ [索取号:K892.23/11] | 在馆 | |
| 7 | 2001079723 | 2001079723 | 东辅楼二楼书库/ [索取号:K892.23/11] | 在馆 | |
| 8 | 2001079724 | 2001079724 | 东辅楼二楼书库/ [索取号:K892.23/11] | 在馆 | |
| 9 | 2001079725 | 2001079725 | 东辅楼二楼书库/ [索取号:K892.23/11] | 在馆 | |
| 10 | 2001079726 | 2001079726 | 东辅楼二楼书库/ [索取号:K892.23/11] | 在馆 | |
| 11 | 2001079727 | 2001079727 | 东辅楼二楼书库/ [索取号:K892.23/11] | 在馆 | |
| 12 | 2001079728 | 2001079728 | 东辅楼二楼书库/ [索取号:K892.23/11] | 在馆 | |
| 13 | 2001079729 | 2001079729 | 东辅楼二楼书库/ [索取号:K892.23/11] | 在馆 | |
| 14 | 2001079730 | 2001079730 | 东辅楼二楼书库/ [索取号:K892.23/11] | 在馆 | |
| 15 | 2001079731 | 2001079731 | 东辅楼二楼书库/ [索取号:K892.23/11] | 在馆 | |
| 16 | 2001079732 | 2001079732 | 东辅楼二楼书库/ [索取号:K892.23/11] | 在馆 | |
| 17 | 2001079733 | 2001079733 | 东辅楼二楼书库/ [索取号:K892.23/11] | 在馆 | |
| 18 | 2001079734 | 2001079734 | 东辅楼二楼书库/ [索取号:K892.23/11] | 在馆 | |
| 19 | 2001079735 | 2001079735 | 东辅楼二楼书库/ [索取号:K892.23/11] | 在馆 | |
| 20 | 2001079736 | 2001079736 | 东辅楼二楼书库/ [索取号:K892.23/11] | 在馆 | |
| 21 | 2001079737 | 2001079737 | 东辅楼二楼书库/ [索取号:K892.23/11] | 在馆 | |
| 22 | 2001079738 | 2001079738 | 东辅楼二楼书库/ [索取号:K892.23/11] | 在馆 | |
| 23 | 2001079739 | 2001079739 | 东辅楼二楼书库/ [索取号:K892.23/11] | 在馆 | |
| 24 | 2001079740 | 2001079740 | 东辅楼二楼书库/ [索取号:K892.23/11] | 在馆 | |
| 25 | 2001079741 | 2001079741 | 东辅楼二楼书库/ [索取号:K892.23/11] | 在馆 | |
| 26 | 2001079742 | 2001079742 | 东辅楼二楼书库/ [索取号:K892.23/11] | 在馆 | |
| 27 | 2001079743 | 2001079743 | 东辅楼二楼书库/ [索取号:K892.23/11] | 在馆 | |
| 28 | 2001079744 | 2001079744 | 东辅楼二楼书库/ [索取号:K892.23/11] | 在馆 | |
| 29 | 2001079745 | 2001079745 | 东辅楼二楼书库/ [索取号:K892.23/11] | 在馆 | |
| 30 | 2001079746 | 2001079746 | 东辅楼二楼书库/ [索取号:K892.23/11] | 在馆 |